Catálogo público

Instrument Engineers' Handbook : (Record no. 220637)

MARC details
000 -CABECERA
campo de control de longitud fija 02078nam a2200385 a 4500
003 - IDENTIFICADOR DEL NÚMERO DE CONTROL
campo de control CHAP
005 - FECHA Y HORA DE LA ÚLTIMA TRANSACCIÓN
campo de control 20250617133435.0
007 - CAMPO FIJO DE DESCRIPCIÓN FÍSICA--INFORMACIÓN GENERAL
campo de control de longitud fija ta
008 - DATOS DE LONGITUD FIJA--INFORMACIÓN GENERAL
campo de control de longitud fija 250617s1985 -usado frf 001 0 eng d
020 ## - NÚMERO INTERNACIONAL ESTÁNDAR DEL LIBRO
Número Internacional Estándar del Libro 0-8019-7290-6
040 ## - FUENTE DE LA CATALOGACIÓN
Centro/agencia transcriptor CHAP
Centro catalogador/agencia de origen mxchpua
Normas de descripción rda
041 ## - CÓDIGO DE LENGUA
Código de lengua del texto/banda sonora o título independiente eng
Código de lengua del sumario o resumen eng
Código de lengua de la tabla de contenido eng
Código de lengua original eng
050 1# - SIGNATURA TOPOGRÁFICA DE LA BIBLIOTECA DEL CONGRESO
Número de clasificación TS156.8
Número de documento/Ítem .I57 1985
082 ## - NÚMERO DE LA CLASIFICACIÓN DECIMAL DEWEY
Número de edición 20
Número de clasificación 629.8
Número de documento/Ítem I57 1985
245 10 - MENCIÓN DE TÍTULO
Título Instrument Engineers' Handbook :
Resto del título process control /
Mención de responsabilidad, etc. editores Béla G. Lipták y Kriszta Venczel
250 ## - MENCIÓN DE EDICIÓN
Resto de la mención de edición Revised edition
264 ## - PRODUCCIÓN, PUBLICACIÓN, DISTRIBUCIÓN, FABRICACIÓN Y COPYRIGHT
Producción, publicación, distribución, fabricación y copyright Pennsylvania, USA :
Nombre del de productor, editor, distribuidor, fabricante Chilton Book Company,
Fecha de producción, publicación, distribución, fabricación o copyright 1985
300 ## - DESCRIPCIÓN FÍSICA
Extensión xviii, 1010 p.
Otras características físicas ilustraciones, gráficas, diagramas, tablas, fotos
336 ## - TIPO DE CONTENIDO
Fuente rdacontent
Término de tipo de contenido texto
Código de tipo de contenido txt
337 ## - TIPO DE MEDIO
Fuente rdamedia
Nombre/término del tipo de medio no mediado
Código del tipo de medio n
338 ## - TIPO DE SOPORTE
Fuente rdacarrier
Nombre/término del tipo de soporte volumen
Código del tipo de soporte nc
504 ## - NOTA DE BIBLIOGRAFÍA, ETC.
Nota de bibliografía, etc. Incluye bibliografías.
505 0# - NOTA DE CONTENIDO CON FORMATO
Nota de contenido con formato 1. Basic concepts, variables and degrees of freedom --<br/>2. Control modes and controllers --<br/>3. Transform theory, transfer functions, linearization and stability analysis --<br/>4. Closed-loof response --<br/>5. Feedback and feedforward control --<br/>6. Ratio control --<br/>7. Cascade control --<br/>8. Selective control --<br/>9. Adaptative and nonlinear control --<br/>10. Optimizing control --<br/>11. Tuning of controllers --<br/>12. Tuning by computer--<br/>Appendix --<br/>Index
520 2# - SUMARIO, ETC.
Sumario, etc. 'Whether used as a text book by inexperienced engineers, or as a quick reference book for the experienced engineer - this book looks set to continue to be the main reference for the instrument engineer for the next decade - and at a realistic price which is better value today.'<br/>Control & Instrumentation
650 13 - PUNTO DE ACCESO ADICIONAL DE MATERIA--TÉRMINO DE MATERIA
Término de materia o nombre geográfico como elemento de entrada Instrumentos de medición
9 (RLIN) 150884
Fuente del encabezamiento o término atg
Subdivisión general Manuales
650 13 - PUNTO DE ACCESO ADICIONAL DE MATERIA--TÉRMINO DE MATERIA
Término de materia o nombre geográfico como elemento de entrada Control de fabricación
9 (RLIN) 156663
Fuente del encabezamiento o término atg
650 13 - PUNTO DE ACCESO ADICIONAL DE MATERIA--TÉRMINO DE MATERIA
Término de materia o nombre geográfico como elemento de entrada Measuring devices
9 (RLIN) 150885
Fuente del encabezamiento o término atg
Subdivisión general Handbooks, manuals, etc.
650 13 - PUNTO DE ACCESO ADICIONAL DE MATERIA--TÉRMINO DE MATERIA
Término de materia o nombre geográfico como elemento de entrada Process control
9 (RLIN) 156666
Fuente del encabezamiento o término atg
700 1# - PUNTO DE ACCESO ADICIONAL--NOMBRE DE PERSONA
Nombre de persona Lipták, Béla G.
9 (RLIN) 67041
Término indicativo de función/relación editor
700 1# - PUNTO DE ACCESO ADICIONAL--NOMBRE DE PERSONA
Nombre de persona Venczel, Kriszta
9 (RLIN) 190677
Término indicativo de función/relación editora
942 ## - ELEMENTOS DE PUNTO DE ACCESO ADICIONAL (KOHA)
Tipo de ítem Koha Libro
Fuente del sistema de clasificación o colocación Dewey Decimal Classification
901 ## - ELEMENTOS DE DATOS A LOCAL LDA (RLIN)
a 629.8 I57 1985
902 ## - ELEMENTOS DE DATOS B LOCAL, LDB (RLIN)
a M
905 ## - ELEMENTOS DE DATOS E LOCAL, LDE (RLIN)
a 0000001982 -USX 0000000000ENG00
Holdings
Estado de retiro Estado de pérdida Fuente del sistema de clasificación o colocación Estado dañado Restricciones de uso No para préstamo Código de colección Localización permanente Ubicación/localización actual Fecha de adquisición Fuente de adquisición Coste, precio normal de compra Número de inventario Total de préstamos Signatura topográfica completa Código de barras Fecha visto por última vez Número de copia Tipo de ítem Koha
    Dewey Decimal Classification   Préstamo interno   General Ingenieria Agroindustrial Ingenieria Agroindustrial 03/04/1990 Compra Librería Patena F. 5084 / R. 24555 (27/04/1990) 230472.00 151174   629.8 I57 1985 1102015557 17/06/2025 Ej. 1 Libro